ბათუმის შოთა რუსთაველის სახელმწიფო უნივერსიტეტის ბიბლიოთეკა

ჩანაწერი Corporate Name

ჩანაწერთა რაოდენობა, რომელიც გამოყენებულია: 1

001 - CONTROL NUMBER

  • control field: 24611

003 - CONTROL NUMBER IDENTIFIER

  • control field: GE_BSU

005 - DATE AND TIME OF LATEST TRANSACTION

  • control field: 20250318170109.0

008 - FIXED-LENGTH DATA ELEMENTS

  • fixed length control field: 250318|| aca||aabn | a|a d

040 ## - CATALOGING SOURCE

  • Original cataloging agency: GE_BSU
  • Transcribing agency: GE_BSU

110 ## - HEADING--CORPORATE NAME

  • Corporate name or jurisdiction name as entry element:

670 ## - SOURCE DATA FOUND

  • Source citation: Work cat.: (GE_BSU)52972: ტვენი, მარკ (1835-1910) 16107, ტომ სოიერის თავგადასავალი ; ჰეკლბერი ფინის თავგადასავალი ; უფლისწული და მათხოვარი :